000 01087naa a22002777a 4500
001 BR8803047
003 BR-BrBNA
005 20240918180113.0
007 ta
008 230509b bl.||||| |||| 00| 0 por d
040 _aBR-BrBNA
_bpor
_cBiblioteca Nacional de Agricultura
041 _a(Pt)
072 _aQ04
_b9410
_b9430
090 _aQ04 BR8803047
100 1 _aBonassi, I.A.
111 1 _a4. Congresso Brasileiro de Ciencia e Tecnologia de Alimentos
_cRio de Janeiro, RJ (Brazil)
_d5-8 Oct 1980
245 1 _aInfluencia da pre-maturacao do leite na elaboracao do queijo tipo minas
260 3 _aRio de Janeiro, RJ (Brasil):
_c1980.
500 _aAnais do 4. Congresso Brasileiro de Ciencia e Tecnologia de Alimentos Rio de Janeiro, RJ (Brasil): 1980. p. 313-319 (BR8803047-AM)Q04
650 _aLEITE
650 _aQUEIJO
650 _aANALISE ORGANOLEPTICA
773 0 _tAnais do 4. Congresso Brasileiro de Ciencia e Tecnologia de Alimentos
_wQ04 BR8803047
_gRio de Janeiro, RJ (Brasil), 1980. p. 313-319
909 _a202404
_bLucia
_c55
_dLucia Elande
942 _cAM
_2AGRIS
999 _c319236
_d319236